PLANT ECOLOGY (Record no. 7829)
[ view plain ]
| 000 -LEADER | |
|---|---|
| fixed length control field | 00366cam a2200169ua 4500 |
| 008 - FIXED-LENGTH DATA ELEMENTS--GENERAL INFORMATION | |
| fixed length control field | 120121n1995 II |||gr||||Z||||||eng |
| 040 ## - CATALOGING SOURCE | |
| Original cataloging agency | MAIN |
| 041 ## - LANGUAGE CODE | |
| -- | English |
| 082 ## - DEWEY DECIMAL CLASSIFICATION NUMBER | |
| Classification number | 577 KOC |
| 100 ## - MAIN ENTRY--PERSONAL NAME | |
| Personal name | KOCHHAR, P. L. |
| 245 ## - TITLE STATEMENT | |
| Title | PLANT ECOLOGY |
| 260 ## - PUBLICATION, DISTRIBUTION, ETC. | |
| Place of publication, distribution, etc. | AGRA |
| Name of publisher, distributor, etc. | RATAN PRAKASHAN |
| Date of publication, distribution, etc. | 1995 |
| 300 ## - PHYSICAL DESCRIPTION | |
| Extent | 218: |
| Dimensions | 22CM. |
| 942 ## - ADDED ENTRY ELEMENTS (KOHA) | |
| Koha item type | Books |
| 653 ## - INDEX TERM--UNCONTROLLED | |
| Uncontrolled term | Ecology |
| Withdrawn status | Lost status | Damaged status | Not for loan | Collection code | Home library | Current library | Shelving location | Date acquired | Total Checkouts | Full call number | Barcode | Date last seen | Date last checked out | Copy number | Price effective from | Koha item type | Public note |
|---|---|---|---|---|---|---|---|---|---|---|---|---|---|---|---|---|---|
| TBZOO | Central Library and Information Centre Sibsagar Girls College | Central Library and Information Centre Sibsagar Girls College | ZOOLOGY BOOK RACK | 23.06.1998 | 1 | 577 KOC | 15174 | 30.09.2021 | 11.02.2021 | 1 | 27.02.2020 | Books | V | ||||
| Damaged | Environmental science | Central Library and Information Centre Sibsagar Girls College | Central Library and Information Centre Sibsagar Girls College | Environmental Sc Rack | 23.06.1998 | 577 KOC | 15175 | 27.02.2020 | 2 | 27.02.2020 | Books |